Sobre un sistema de notaciones y símbolos destinados a facilitar la descripciones de las máquinas (Record no. 146250)

MARC details
000 -LEADER
campo de control de longitud fija 00657nam a2200181 i 4500
001 - NÚMERO DE CONTROL
campo de control 146250
003 - IDENTIFICADOR DE NÚMERO DE CONTROL
campo de control ES-MaACL
005 - FECHA Y HORA DE LA ÚLTIMA TRANSACCIÓN
campo de control 20231204175142.0
007 - CAMPO FIJO DE DESCRIPCIÓN FÍSICA--INFORMACIÓN GENERAL
campo de control de longitud fija t|
008 - DATOS DE LONGITUD FIJA--INFORMACIÓN GENERAL
campo de control de longitud fija 070905s1907 sp a |||| | spa d
100 1# - ENTRADA PRINCIPAL--NOMBRE DE PERSONA
Nombre de persona Torres Quevedo, Leonardo,
Fechas asociadas al nombre 1852-1936
9 (RLIN) 111002
245 10 - MENCIÓN DEL TÍTULO
Título Sobre un sistema de notaciones y símbolos destinados a facilitar la descripciones de las máquinas
Resto del título : publicado por la Revista ingeniería /
Mención de responsabilidad, etc. Leonardo de Torres y Quevedo.
260 ## - PUBLICACIÓN, DISTRIBUCIÓN, ETC.
Lugar de publicación, distribución, etc. Madrid :
Nombre del editor, distribuidor, etc. J. Palacios,
Fecha de publicación, distribución, etc. 1907.
300 ## - DESCRIPCIÓN FÍSICA
Extensión 19 p. :
Otras características físicas il. ;
Dimensiones 23 cm.
650 #4 - PUNTO DE ACCESO ADICIONAL DE MATERIA--TÉRMINO DE MATERIA
Término de materia o nombre geográfico como elemento de entrada Máquinas-
Subdivisión general Diseño.
9 (RLIN) 163503
852 ## - LOCALIZACIÓN
Ubicación ES-MaACL
Número de control de estantería T-1109-F-1
Holdings
Estatus retirado Estado de pérdida Estado de daño No para préstamo Colección Biblioteca de origen Biblioteca actual Ubicación en estantería Fecha de adquisición Fuente de adquisición Total de préstamos Signatura topográfica completa Código de barras Visto por última vez Precio de reemplazo Tipo de ítem Koha
        Colección de folletos Biblioteca del Ateneo de Madrid Biblioteca del Ateneo de Madrid Depósito folletos 17/01/2008     T-1109-F-1 1152650 23/02/2023 23/02/2023 Folleto